Adiós, Madrid_ (Registro nro. 70375)

Detalles MARC
000 -LEADER
campo de control de longitud fija 00963nam a2200253 i 4500
001 - NÚMERO DE CONTROL
campo de control 70375
003 - IDENTIFICADOR DE NÚMERO DE CONTROL
campo de control ES-MaACL
005 - FECHA Y HORA DE LA ÚLTIMA TRANSACCIÓN
campo de control 20250731034205.0
007 - CAMPO FIJO DE DESCRIPCIÓN FÍSICA--INFORMACIÓN GENERAL
campo de control de longitud fija t|
008 - DATOS DE LONGITUD FIJA--INFORMACIÓN GENERAL
campo de control de longitud fija 040722s1944 sp |||| |aspa d
080 ## - NÚMERO DE LA CLASIFICACIÓN DECIMAL UNIVERSAL
Número de la Clasificación Decimal Universal 929 García Sanchiz, Federico
080 ## - NÚMERO DE LA CLASIFICACIÓN DECIMAL UNIVERSAL
Número de la Clasificación Decimal Universal 94(460.27 M.)"19"(093.3)
100 1# - ENTRADA PRINCIPAL--NOMBRE DE PERSONA
Nombre de persona García Sanchiz, Federico,
Fechas asociadas al nombre 1886-1964
9 (RLIN) 55269
245 10 - MENCIÓN DEL TÍTULO
Título Adiós, Madrid_
Resto del título : memorias de Madrid y del autor referentes a las dos primeras décadas del siglo /
Mención de responsabilidad, etc. Federico García Sanchiz.
260 ## - PUBLICACIÓN, DISTRIBUCIÓN, ETC.
Lugar de publicación, distribución, etc. Zaragoza :
Nombre del editor, distribuidor, etc. Cronos,
Fecha de publicación, distribución, etc. 1944 (
Fabricante Librería General)
300 ## - DESCRIPCIÓN FÍSICA
Extensión 210 p. ;
Dimensiones 19 cm.
500 ## - NOTA GENERAL
Nota general Índice.
505 8# - NOTA DE CONTENIDO CON FORMATO
Nota de contenido con formato Contiene: ;
Título El Ateneo y la fragata "Numancia"(
Información miscelánea , p. 73-82)
600 14 - PUNTO DE ACCESO ADICIONAL DE MATERIA--NOMBRE DE PERSONA
Nombre de persona García Sanchiz, Federico,
Fechas asociadas al nombre 1886-1964
9 (RLIN) 55269
610 24 - PUNTO DE ACCESO ADICIONAL DE MATERIA--NOMBRE DE ENTIDAD CORPORATIVA
Nombre de entidad corporativa o nombre de jurisdicción como elemento de entrada Ateneo de Madrid-
Subdivisión de forma Historia-
-- Relatos personales
9 (RLIN) 1926
651 #4 - PUNTO DE ACCESO ADICIONAL DE MATERIA--NOMBRE GEOGRÁFICO
Nombre geográfico Madrid-
Subdivisión general Historia-
Subdivisión cronológica S.XX-
Subdivisión de forma Relatos personales.
9 (RLIN) 8973
852 ## - LOCALIZACIÓN
Ubicación ES-MaACL
Número de control de estantería G-3381
Existencias
Estatus retirado Estado de pérdida Estado de daño No para préstamo Colección Biblioteca de origen Biblioteca actual Ubicación en estantería Fecha de adquisición Fuente de adquisición Total de préstamos Signatura topográfica completa Código de barras Visto por última vez Precio de reemplazo Tipo de ítem Koha
        Fondo Ateneo de Madrid Biblioteca del Ateneo de Madrid Biblioteca del Ateneo de Madrid Depósito 2 17/01/2008     G-3381 1073694 23/02/2023 23/02/2023 Libro impreso